01182cam a2200337 a 45000010009000000050017000090080041000260100017000670200018000840200026001020400018001280420008001460500025001540820016001791000029001952450072002242460022002962500033003182600041003513000028003925000025004205040066004456500042005116500033005536500027005866500034006139060045006479420012006929990017007049520123007211712855420170105102840.0120120s2012 nyu b 001 0 eng  a 2012001214 a9781451669381 a9781451674132 (ebook) aDLCcDLCdDLC apcc00aHV6432.7b.E445 201200a973.9312231 aEichenwald, Kurt,d1961-10a500 days :bsecrets and lies in the terror wars /cKurt Eichenwald.3 aFive hundred days a1st Touchstone hardcover ed. aNew York :bSimon & Schuster,c2012. axxiii, 611 p. ;c25 cm. a"A Touchstone book." aIncludes bibliographical references (p. [525]-576) and index. 0aSeptember 11 Terrorist Attacks, 2001. 0aWar on Terrorism, 2001-2009. 0aTerrorismxPrevention. 0aWorld politicsy21st century. a7bcbccorignewd1eecipf20gy-gencatlg 2ddccBK c13834d13834 001040708NFICaCLbCLcGENd2013-08-01l5m1o973.931 EIC 2012pCIPS0000001r2022-09-17s2020-03-14w2013-08-02yBK